Charakteristika systému krízového riadenia v Slovenskej republike (náčrt z pohľadu sociológie bezpečnosti)
Základné pojmy a problémy chápania krízového riadenia vzťahujúce sa k jeho systému na Slovensku. Bezpečnosť a rast významu nevojenskej bezpečnosti. Základný právno-legislatívny rámec systému krízového riadenia na Slovensku. Bezpečnostná rada Slovenskej republiky. Ústredný krízový štáb. Vybrané probl...
Saved in:
| Main Author: | |
|---|---|
| Format: | Book Chapter |
| Language: | Slovak |
| Subjects: | |
| Tags: |
No Tags, Be the first to tag this record!
|
MARC
| LEADER | 00000nla$a2200000$$$4500 | ||
|---|---|---|---|
| 001 | 0126513 | ||
| 005 | 20240502083319.9 | ||
| 041 | 0 | |a slo | |
| 044 | |a PL | ||
| 245 | 1 | 0 | |a Charakteristika systému krízového riadenia v Slovenskej republike (náčrt z pohľadu sociológie bezpečnosti) |c František Škvrnda |
| 520 | |a Základné pojmy a problémy chápania krízového riadenia vzťahujúce sa k jeho systému na Slovensku. Bezpečnosť a rast významu nevojenskej bezpečnosti. Základný právno-legislatívny rámec systému krízového riadenia na Slovensku. Bezpečnostná rada Slovenskej republiky. Ústredný krízový štáb. Vybrané problémy fungovania systému krízového riadenia na Slovensku. | ||
| 610 | 2 | 0 | |a bezpečnosť |
| 610 | 2 | 0 | |a systémy bezpečnostné |
| 610 | 2 | 0 | |a kríza |
| 610 | 2 | 0 | |a riadenie |
| 610 | 2 | 0 | |a štát |
| 610 | 2 | 0 | |a sily ozbrojené |
| 610 | 2 | 0 | |a manažment krízový |
| 610 | 2 | 0 | |a Slovensko |
| 100 | 1 | |a Škvrnda, František | |